Introducción a la programación PYTHON (Registro nro. 3577)
[ vista simple ]
| 000 -CABECERA | |
|---|---|
| campo de control de longitud fija | 00570aam a2200205 4500 |
| 005 - FECHA Y HORA DE ACTUALIZACIÓN | |
| campo de control | 20230712085425.0 |
| 008 - LONGITUD FIJA | |
| campo de control de longitud fija | 150303b2011 xxu||||| |||| 00| 0 ES d |
| 041 ## - IDIOMA | |
| Código de idioma del texto/pista de sonido o título separado | Español |
| 082 ## - CLASIFICACIÓN DECIMAL DEWEY | |
| Número de clasificación | 005.133 S684i |
| 100 ## - AUTOR PERSONAL | |
| Nombre de persona | Solano Soto, Jaime |
| 245 ## - TÍTULO PROPIAMENTE DICHO | |
| Título | Introducción a la programación PYTHON |
| 260 ## - PIE DE IMPRENTA | |
| Lugar de publicación, distribución, etc. | Costa Rica |
| Nombre del editor, distribuidor, etc. | Editorial Tecnológica de Costa Rica |
| Fecha de publicación, distribución, etc. | 2011 |
| 300 ## - DESCRIPCIÓN FÍSICA | |
| Extensión | 200 páginas |
| 650 ## - Materia General | |
| Materia general | PYTHON |
| 650 ## - Materia General | |
| Materia general | PROGRAMACIÓN |
| 650 ## - Materia General | |
| Materia general | VARIABLES |
| 650 ## - Materia General | |
| Materia general | FUNCIONES |
| 650 ## - Materia General | |
| Materia general | SECUENCIAS |
| 942 ## - Punto de Acceso Adicional Koha | |
| Tipo de ítem Koha | Libro |
| Estado perdido | Estado dañado | No para préstamo | Biblioteca permanente | Biblioteca actual | Signatura completa | Código de barras | Precio efectivo a partir del | Tipo de ítem |
|---|---|---|---|---|---|---|---|---|
| Departamento de Biblioteca y Documentación Alfonso Chase Brenes | Departamento de Biblioteca y Documentación Alfonso Chase Brenes | 005.133 S684i | 18633 | 01/11/2016 | Libro | |||
| Departamento de Biblioteca y Documentación Alfonso Chase Brenes | Departamento de Biblioteca y Documentación Alfonso Chase Brenes | 005.133 S684i | 17527 | 01/11/2016 | Libro | |||
| Departamento de Biblioteca y Documentación Alfonso Chase Brenes | Departamento de Biblioteca y Documentación Alfonso Chase Brenes | 005.133 S684i | 17528 | 01/11/2016 | Libro | |||
| Departamento de Biblioteca y Documentación Alfonso Chase Brenes | Departamento de Biblioteca y Documentación Alfonso Chase Brenes | 005.133 S684i | 17529 | 01/11/2016 | Libro | |||
| Departamento de Biblioteca y Documentación Alfonso Chase Brenes | Departamento de Biblioteca y Documentación Alfonso Chase Brenes | 005.133 S684i | 17530 | 01/11/2016 | Libro | |||
| Departamento de Biblioteca y Documentación Alfonso Chase Brenes | Departamento de Biblioteca y Documentación Alfonso Chase Brenes | 005.133 S684i | 17531 | 01/11/2016 | Libro | |||
| Departamento de Biblioteca y Documentación Alfonso Chase Brenes | Departamento de Biblioteca y Documentación Alfonso Chase Brenes | 005.133 S684i | 18525 | 01/11/2016 | Libro |